000 00287nam a22001337a 4500
008 170614b xxu||||| |||| 00| 0 eng d
020 _a9780226910017
041 _aeng
080 _a94
100 _a18
101 _aSHH
245 _aA STUDY OF WAR
_cREPRINT .M
942 _2udc
_cBK
999 _c17411
_d17411